Todo fluye / (Registro nro. 239391)

Detalles MARC
000 -LEADER
fixed length control field 02285nam a2200505 i 4500
001 - CONTROL NUMBER
control field DIGXIAGT097
003 - CONTROL NUMBER IDENTIFIER
control field NyNyDIG
006 - FIXED-LENGTH DATA ELEMENTS--ADDITIONAL MATERIAL CHARACTERISTICS
fixed length control field m o d
008 - FIXED-LENGTH DATA ELEMENTS--GENERAL INFORMATION
fixed length control field 210420s2014 sp o 000 f spa d
007 - PHYSICAL DESCRIPTION FIXED FIELD--GENERAL INFORMATION
fixed length control field cr |||||||||||
035 ## - SYSTEM CONTROL NUMBER
System control number (OCoLC)1247940320
040 ## - CATALOGING SOURCE
Original cataloging agency DGITA
Language of cataloging eng
Description conventions rda
-- pn
Transcribing agency DGITA
020 ## - INTERNATIONAL STANDARD BOOK NUMBER
International Standard Book Number 9788416072989
Qualifying information eBook
020 ## - INTERNATIONAL STANDARD BOOK NUMBER
International Standard Book Number 8416072981
Qualifying information eBook
020 ## - INTERNATIONAL STANDARD BOOK NUMBER
Canceled/invalid ISBN 9788481097665
020 ## - INTERNATIONAL STANDARD BOOK NUMBER
Canceled/invalid ISBN 8481097667
043 ## - GEOGRAPHIC AREA CODE
Geographic area code e-ur---
050 14 - LIBRARY OF CONGRESS CALL NUMBER
Classification number PG3476.G7 ebook
082 04 - DEWEY DECIMAL CLASSIFICATION NUMBER
Classification number 891.7342
-- Fic
100 1# - MAIN ENTRY--PERSONAL NAME
Personal name Grossman, Vasiliĭ,
Relator term author.
240 10 - UNIFORM TITLE
Uniform title Vse techet.
Language of a work Spanish
Version (Rebon)
245 10 - TITLE STATEMENT
Title Todo fluye /
Statement of responsibility, etc. Vasili Grossman ; traduccion de Marta Rebón.
250 ## - EDITION STATEMENT
Edition statement Edición en formato digital.
264 #1 - PRODUCTION, PUBLICATION, DISTRIBUTION, MANUFACTURE, AND COPYRIGHT NOTICE
Place of production, publication, distribution, manufacture Barcelona :
Name of producer, publisher, distributor, manufacturer Galaxia Gutenberg,
Date of production, publication, distribution, manufacture, or copyright notice [2014]
300 ## - PHYSICAL DESCRIPTION
Extent 1 online resource.
336 ## - CONTENT TYPE
Content type term text
Content type code txt
Source rdacontent
337 ## - MEDIA TYPE
Media type term computer
Media type code c
Source rdamedia
338 ## - CARRIER TYPE
Carrier type term online resource
Carrier type code cr
Source rdacarrier
347 ## - DIGITAL FILE CHARACTERISTICS
File type text file
Source rdaft
347 ## - DIGITAL FILE CHARACTERISTICS
Encoding format EPUB
520 1# - SUMMARY, ETC.
Summary, etc. The novel tells the story of Ivan Grigoryevich, who has returned to Russia after thirty years in the Gulag. After short and unsatisfying visits to familiar places and persons in Moscow and Leningrad, the hero settles in a southern provincial town where he briefly establishes a new life with a war widow. Ivan Grigoryevich eventually returns to his boyhood home on the Black Sea, where he is finally able to come to terms with the inhumanity of the new Russian regime.
588 0# - SOURCE OF DESCRIPTION NOTE
Source of description note Online resource; title from ePub title page (Digitalia, viewed April 20, 2021)
650 #0 - SUBJECT ADDED ENTRY--TOPICAL TERM
Topical term or geographic name entry element Ex-convicts
Geographic subdivision Russia
Form subdivision Fiction.
651 #0 - SUBJECT ADDED ENTRY--GEOGRAPHIC NAME
Geographic name Russia
General subdivision Social conditions
Chronological subdivision 20th century
Form subdivision Fiction.
655 #7 - INDEX TERM--GENRE/FORM
Genre/form data or focus term Fiction.
Source of term lcgft
655 #0 - INDEX TERM--GENRE/FORM
Genre/form data or focus term Electronic books.
700 1# - ADDED ENTRY--PERSONAL NAME
Personal name Rebón, Marta-Ingrid,
Relator term translator.
700 1# - ADDED ENTRY--PERSONAL NAME
Relationship information Translation of:
Personal name Grossman, Vasiliĭ.
Title of a work Vse techet.
791 2# -
-- Digitalia (Firm),
-- distributor.
793 0# -
-- Digitalia eBook Collection:
-- Galaxia Gutenberg
776 08 - ADDITIONAL PHYSICAL FORM ENTRY
Relationship information Print version:
Main entry heading Grossman, Vasiliĭ.
Uniform title Vsio techiot. Spanish (Rebón).
Title Todo fluye.
Place, publisher, and date of publication Barcelona : Galaxia Gutenberg, [2008]
International Standard Book Number 9788481097665
Record control number (OCoLC)1081060985
856 40 - ELECTRONIC LOCATION AND ACCESS
Materials specified Digitalia Hispánica
Uniform Resource Identifier <a href="https://www.digitaliapublishing.com/a/28838/">https://www.digitaliapublishing.com/a/28838/</a>
910 ## - USER-OPTION DATA (OCLC)
User-option data Premium collection: 2021
942 ## - ADDED ENTRY ELEMENTS (KOHA)
Koha item type Recurso Electrónico
Existencias
Withdrawn status Lost status Damaged status Not for loan Collection Home library Current library Date acquired Total checkouts Date last seen Price effective from Koha item type
        Digitalia Ebooks Hispanica Biblioteca Digital UIN Biblioteca Digital UIN 04/25/2025   04/25/2025 04/25/2025 Recurso Electrónico

CONTACTO


NOSOTROS


SITIOS DE INTERES

coordinacion.biblioteca.biblioteca@unienlinea.mx Misión, Visión y Objetivos Bases de datos
Directorio Bibliotecas Digitales y Repositorios
Normatividad Revistas y artículos
Convenios interbibliotecarios
Boletines



Hecho en México. Universidad Insurgentes (UIN). Todos los derechos reservados 2024. Esta página y sus contenidos pueden ser reproducidos con fines no lucrativos, siempre y cuando no se mutile, se cite la fuente completa y su dirección electrónicas. De otra forma requiere permiso previo por escrito de la institución




2024 Copyright Universidad Insurgentes | www.bibliouin.com.mx